| 000 | 11560cam a2202245 a 4500 | ||
|---|---|---|---|
| 999 | _c7107 | ||
| 001 | 18386959 | ||
| 003 | LIBRIS | ||
| 005 | 20200903165058.0 | ||
| 008 | 150909s2015 sw |||||||||||000 0|swe|d | ||
| 020 | _a9789144094151 | ||
| 035 | _a(BOKR)9789144094151 | ||
| 040 |
_aBOKR _dS _ea |
||
| 041 | 1 |
_aswe _heng |
|
| 082 | 0 | 4 |
_a610.73 _223/swe |
| 084 |
_aV _2kssb/8 (machine generated) |
||
| 084 |
_aVpd _2kssb/8 |
||
| 100 | 1 |
_aTodaro-Franceschi, Vidette _0https://libris.kb.se/wt7bktvf53bf6nd#it |
|
| 240 | 1 | 0 |
_aCompassion fatigue and burnout in nursing. _lSvenska |
| 245 | 1 | 0 |
_aSamvetsstress och utmattningssyndrom inom omvårdnad / _cVidette Todaro-Franceschi ; översättning: Margareta Brandin Berndtsson ; [sakgranskning: Gunilla Nilsson]. |
| 250 | _a1. uppl. | ||
| 264 | 1 |
_aLund : _bStudentlitteratur, _c2015 |
|
| 264 | 3 | _aSpanien | |
| 300 |
_a256 s. _bill. _c23 cm |
||
| 340 | _b23 cm | ||
| 500 |
_5Li _aPliktex. |
||
| 650 | 7 |
_aSjuksköterskor _0https://id.kb.se/term/sao/Sjuksk%C3%B6terskor _2sao |
|
| 650 | 7 |
_aArbetsmiljö _0https://id.kb.se/term/sao/Arbetsmilj%C3%B6 _2sao |
|
| 650 | 7 |
_aStress _0https://id.kb.se/term/sao/Stress _2sao |
|
| 650 | 7 |
_aUtbrändhet _0https://id.kb.se/term/sao/Utbr%C3%A4ndhet _2sao |
|
| 650 | 7 |
_aSamvetet _0https://id.kb.se/term/sao/Samvetet _2sao |
|
| 650 | 7 |
_aOmvårdnad _xpsykologiska aspekter _2sao |
|
| 650 | 2 | _aBurnout, Professional | |
| 650 | 2 | _aStudents, Nursing | |
| 650 | 2 | _aQuality of Life | |
| 650 | 2 | _aFatigue | |
| 650 | 2 |
_aNurses _xpsychology |
|
| 650 | 0 | _aStress (Physiology) | |
| 650 | 0 | _aWork environment | |
| 650 | 0 | _aBurn out (Psychology) | |
| 650 | 0 | _aNurses | |
| 650 | 0 | _aConscience | |
| 650 | 7 |
_aSjuksköterskor _0https://id.kb.se/term/sao/Sjuksk%C3%B6terskor _2sao |
|
| 650 | 7 |
_aOmvårdnad _0https://id.kb.se/term/sao/Omv%C3%A5rdnad _2sao |
|
| 650 | 7 |
_aArbetsmiljö _0https://id.kb.se/term/sao/Arbetsmilj%C3%B6 _2sao |
|
| 650 | 7 |
_aStress _0https://id.kb.se/term/sao/Stress _2sao |
|
| 650 | 7 |
_aUtbrändhet _0https://id.kb.se/term/sao/Utbr%C3%A4ndhet _2sao |
|
| 650 | 7 |
_aSamvetet _0https://id.kb.se/term/sao/Samvetet _2sao |
|
| 653 | _aSjuksköterskor | ||
| 653 | _aOmvårdnad | ||
| 653 | _aArbetsmiljö | ||
| 653 | _aStress | ||
| 653 | _aUtbrändhet | ||
| 887 |
_a{"@id":"9tmxzlkm1f058k3","modified":"2016-03-24T11:56:16+01:00","checksum":"222916059263"} _2librisxl |
||
| 887 |
_a{"@id":"bgpkgrnh0whzs3d","modified":"2016-01-04T12:46:20+01:00","checksum":"55025078555"} _2librisxl |
||
| 887 |
_a{"@id":"fksm7csl0wpwcr3","modified":"2016-06-20T10:14:48+02:00","checksum":"13246004722"} _2librisxl |
||
| 887 |
_a{"@id":"lqzvwnzr1slzqdt","modified":"2015-12-22T10:14:57+01:00","checksum":"42436195017"} _2librisxl |
||
| 887 |
_a{"@id":"7clfc66d2jtk9c8","modified":"2016-08-26T13:25:11+02:00","checksum":"30697892023"} _2librisxl |
||
| 887 |
_a{"@id":"6bkfr9mc52dj4br","modified":"2015-11-18T11:51:01+01:00","checksum":"38974119049"} _2librisxl |
||
| 887 |
_a{"@id":"26f81d674wsdw9h","modified":"2015-10-10T18:01:12+02:00","checksum":"41908904328"} _2librisxl |
||
| 887 |
_a{"@id":"w1868jd2241d211","modified":"2016-03-01T15:38:43+01:00","checksum":"36839747847"} _2librisxl |
||
| 887 |
_a{"@id":"59jfbt8b1bt1svk","modified":"2017-02-06T19:38:03+01:00","checksum":"35719317196"} _2librisxl |
||
| 887 |
_a{"@id":"59jc4pzb0ng2bg5","modified":"2015-10-12T09:29:54+02:00","checksum":"48160482261"} _2librisxl |
||
| 887 |
_a{"@id":"rw41mrkx141vcjl","modified":"2016-01-13T11:00:45+01:00","checksum":"22778454435"} _2librisxl |
||
| 887 |
_a{"@id":"z3b86ln451swt3h","modified":"2016-02-01T11:08:59+01:00","checksum":"24994023858"} _2librisxl |
||
| 887 |
_a{"@id":"dpmvk6x7bs35123l","modified":"2019-08-20T15:55:06.481+02:00","checksum":"39264237980"} _2librisxl |
||
| 887 |
_a{"@id":"9fnj8pkg1rwkgbw","modified":"2015-12-01T14:56:18+01:00","checksum":"40562991442"} _2librisxl |
||
| 887 |
_a{"@id":"15d8gp4640t6zr5","modified":"2020-02-26T14:08:15.809+01:00","checksum":"25470971355"} _2librisxl |
||
| 887 |
_a{"@id":"kpxst0pq0zq5n9b","modified":"2018-09-14T09:00:41.961+02:00","checksum":"45687950713"} _2librisxl |
||
| 887 |
_a{"@id":"w185b7620g7z9lb","modified":"2015-12-29T13:02:06+01:00","checksum":"40215794618"} _2librisxl |
||
| 887 |
_a{"@id":"z3b7mrs44835pf7","modified":"2016-01-05T13:17:57+01:00","checksum":"22534740940"} _2librisxl |
||
| 887 |
_a{"@id":"v0731ml13x3dsvs","modified":"2015-10-22T15:05:02+02:00","checksum":"19090804228"} _2librisxl |
||
| 887 |
_a{"@id":"37gcz7j83d6cms0","modified":"2016-01-13T15:28:25+01:00","checksum":"20047467461"} _2librisxl |
||
| 887 |
_a{"@id":"37g93qq82h35r4s","modified":"2015-10-13T09:23:02+02:00","checksum":"43101504365"} _2librisxl |
||
| 887 |
_a{"@id":"z3bh9qj44p3zn25","modified":"2017-02-06T11:30:40+01:00","checksum":"15661782295"} _2librisxl |
||
| 887 |
_a{"@id":"15d8g6n61zhtx68","modified":"2015-10-30T09:30:21+01:00","checksum":"23724723289"} _2librisxl |
||
| 887 |
_a{"@id":"v0737s715l1vxv2","modified":"2018-01-04T19:13:08+01:00","checksum":"19525597404"} _2librisxl |
||
| 887 |
_a{"@id":"gltpc2sm0pvr7z3","modified":"2015-11-30T10:45:01+01:00","checksum":"11957860213"} _2librisxl |
||
| 887 |
_a{"@id":"mr0trkbs0g22wl2","modified":"2015-10-27T08:31:31+01:00","checksum":"42661840067"} _2librisxl |
||
| 887 |
_a{"@id":"v073xn414558whq","modified":"2016-10-17T10:48:13+02:00","checksum":"23579013215"} _2librisxl |
||
| 887 |
_a{"@id":"kpxsjm0q2fnf97j","modified":"2015-12-03T11:51:17+01:00","checksum":"38506983456"} _2librisxl |
||
| 887 |
_a{"@id":"gltpxbxm4fzlr2b","modified":"2015-11-06T09:12:08+01:00","checksum":"39252895837"} _2librisxl |
||
| 887 |
_a{"@id":"gltpj5sm08v7k43","modified":"2015-12-11T12:07:34+01:00","checksum":"55220267491"} _2librisxl |
||
| 887 |
_a{"@id":"hmvqz41n0q22qc9","modified":"2015-11-13T10:14:24+01:00","checksum":"21648091017"} _2librisxl |
||
| 887 |
_a{"@id":"sx519rvz55l9hpd","modified":"2020-01-28T12:31:24.404+01:00","checksum":"22952744175"} _2librisxl |
||
| 887 |
_a{"@id":"8dmh9stf2xctjwq","modified":"2015-12-08T16:02:35+01:00","checksum":"41720111875"} _2librisxl |
||
| 887 |
_a{"@id":"v074rwx14lv2g4m","modified":"2016-01-18T08:29:06+01:00","checksum":"52529882373"} _2librisxl |
||
| 887 |
_a{"@id":"djrld6lk01fts20","modified":"2015-10-14T11:06:55+02:00","checksum":"35868605370"} _2librisxl |
||
| 887 |
_a{"@id":"jnwqn8hp4pg6fv2","modified":"2015-10-19T15:32:51+02:00","checksum":"42616236549"} _2librisxl |
||
| 887 |
_a{"@id":"9fnh26pg15cz7n7","modified":"2015-12-01T14:49:44+01:00","checksum":"47572154122"} _2librisxl |
||
| 887 |
_a{"@id":"ns1wkf5t2kbl0h1","modified":"2015-11-30T12:24:33+01:00","checksum":"21304731714"} _2librisxl |
||
| 887 |
_a{"@id":"6bkfmd9c1dq5ctv","modified":"2015-10-30T12:34:01+01:00","checksum":"46107931059"} _2librisxl |
||
| 887 |
_a{"@id":"15d9wpn62vkrsq1","modified":"2019-12-02T13:02:38.817+01:00","checksum":"46987501355"} _2librisxl |
||
| 887 |
_a{"@id":"v073t0f14xh5fnw","modified":"2015-12-07T12:09:47+01:00","checksum":"36826963186"} _2librisxl |
||
| 887 |
_a{"@id":"v072xcl107qw72d","modified":"2015-10-15T12:05:04+02:00","checksum":"45900195087"} _2librisxl |
||
| 887 |
_a{"@id":"pt2wts4v56b37hn","modified":"2015-12-02T12:03:30+01:00","checksum":"38495418421"} _2librisxl |
||
| 900 | 1 | s |
_6100 _uTodaro-Franceschi, Vidette |
| 942 |
_2z _cBOOK |
||
| 949 |
_5Gm _66000132056 _aHealth Personnel 16.1 _tYNNNN |
||